Courts, litigants and the digital age Law, Ethics and Practice /

Detalles Bibliográficos
Autor principal: Eltis, Karen
Formato: eBook
Lenguaje:inglés
Publicado: Toronto: Irwin Law Inc., 2012
Materias:
Acceso en línea:Acceso restringido

MARC

LEADER 00000nam a22000007a 4500
005 20210908234549.0
007 cr|||| ||||
008 210908s2012 ca |||||s|||| 00||0 eng d
020 |a 9781552212349 
035 |a 35390 
040 |a vLex 
090 |c 12350  |d 12350 
100 1 |a Eltis, Karen 
245 1 0 |a Courts, litigants and the digital age  |h [Recurso electrn̤ico] :  |b Law, Ethics and Practice /  |c Karen Eltis 
256 |a Servicio en ln̕ea 
260 |a Toronto:  |b Irwin Law Inc.,  |c 2012 
300 |a 1 recurso electrn̤ico 
506 1 |a Disponible solo en los productos indicados  |d vLex Global  |d vLex Global (Academic Edition, excluding Law Schools)  |d vLex Global (U.S. Academic Edition, Law Schools)  |d vLex Global (U.S. Academic Edition, excluding Law Schools)  |d vLex Global (Academic Edition, Law Schools) 
650 0 4 |a Derecho de las Nuevas Tecnologa̕s  |z Canad̀ 
740 0 |a vLex Libros (Servicio en ln̕ea) 
856 4 0 |u https://app.vlex.com/#/sources/35390  |z Acceso restringido 
942 |c BOOK 
999 0 |a New Technologies Law